| 000 | 00372 a2200133 4500 | ||
|---|---|---|---|
| 040 |
_aDLC _bDLC |
||
| 082 | _a362.1 | ||
| 100 | _aHameed A. Khan | ||
| 245 |
_aBetter healthcare through Tele Health _cHameed A. Khan |
||
| 260 |
_aIslamabad: _bCOMSATS Headquarters, _c 2008. |
||
| 300 |
_a vi, 110 p. : _bill. ; _c 24 cm. |
||
| 500 | _aIncludes Index | ||
| 942 |
_cBK _k362.1 HAM _2ddc |
||
| 999 |
_c7341 _d7341 |
||